Memoria

Збережено в:
Бібліографічні деталі
Формат: Невідомо
Опубліковано: San José: Diseño Alternativo
Предмети:
Теги: Додати тег
Немає тегів, Будьте першим, хто поставить тег для цього запису!

MARC

LEADER 00000 a2200000 04500
001 18940
003
008 991231s d
040
090 |a 144813  
245 |a Memoria  
260 |a San José:   |b Diseño Alternativo  
300 |a 199 p.  
650 |a MUJERES  
650 |a POLITICA  
650 |a PARTICIPACION POLITICA  
650 |a PARTIDOS POLITICOS  
650 |a NACIONALIDAD  
999 |c 10790  |d 10790